15 Brand Slogans Quiz #1 - Statistics

General Stats
  • This quiz has been taken 331 times
  • The average score is 9 of 15
Answer Stats
Slogan Brand % Correct
"Just Do It" Nike
95%
"It's Finger Lickin' Good" Kentucky Fried Chicken
94%
"I'm Lovin It" McDonald's
91%
"Taste The Rainbow" Skittles
84%
"Eat Fresh" Subway
84%
"It Gives You Wiiiings!" Red Bull
82%
"Snap! Crackle! Pop!" Rice Krispies Breakfast Cereal
72%
"Like a Good Neighbor ____ Is There" State Farm Insurance
62%
"The Quicker Picker Upper" Bounty
57%
"America Runs On _____" Dunkin' Donuts
53%
"The Snack That Smiles Back" Goldfish Snack Crackers
45%
"Betcha Can't Eat Just One" Lay's Potato Chips
38%
"Can You Hear Me Now? Good." Verizon
38%
"The Few. The Proud. The ___" U.S. Marine Corps
36%
"Imagination at Work" General Electric
7%
No matching quizzes found
Score Distribution
Percent of People with Each Score
Percentile by Number Answered
Your Score History
You have not taken this quiz